| 000 | 00698pam a2200205 a 4500 | ||
|---|---|---|---|
| 001 | 3560333 | ||
| 005 | 20241112204749.0 | ||
| 008 | 980501s1999 ohuk b 001 0 eng | ||
| 020 | _a0324000715 | ||
| 050 | 0 | 0 |
_aKF9084 _b.P66 1999 |
| 082 | 0 | 0 |
_a347.73/9 _221 |
| 100 | 1 |
_aPonte, Lucille M., _d1958- |
|
| 245 | 1 | 0 |
_aAlternative dispute resolution in business / _cLucille M. Ponte, Thomas D. Cavenagh. |
| 260 |
_aCincinnati, Ohio : _bWest Educational Pub., _cc1999. |
||
| 300 |
_axiv, 433 p. : _billustrations, forms ; _c24 cm. |
||
| 650 | 0 |
_aDispute resolution (Law) _zUnited States. |
|
| 650 | 0 |
_aArbitration and award _zUnited States. |
|
| 700 | 1 |
_aCavenagh, Thomas D., _d1962- |
|
| 942 |
_2lcc _cBK _n0 |
||
| 999 |
_c1100 _d1100 |
||